000 00736cam a2200265 4500500
005 20260405003812.0
041 _afre
042 _adc
100 1 0 _aLacroix, Alexandre
_eauthor
245 0 0 _aComment je me suis transformé
260 _c2023.
500 _a2
690 _achangement
690 _aChoc
690 _aDissidence
690 _aExistence
690 _aResponsabilité
690 _aSens
690 _aSens de la vie
690 _aSolitude
690 _aTransformation
690 _aVulnérabilité
786 0 _nPhilosophie magazine | 174 | 11 | 2023-11-01 | p. 40-42 | 1951-1787
856 4 1 _uhttps://shs.cairn.info/magazine-philosophie-magazine-2023-11-page-40?lang=fr&redirect-ssocas=7080
999 _c2070951
_d2070951